[Event "IND-ch U13"]
[Site "Secunderabad"]
[Date "2023.12.07"]
[Round "7"]
[White "Adharsh, K."]
[Black "Aarav, Saish Amonkar"]
[Result "1-0"]
[WhiteElo "1831"]
[BlackElo "1624"]
[PlyCount "149"]
[EventDate "2023.12.04"]
[EventType "swiss"]
[EventRounds "11"]
[EventCountry "IND"]
[SourceTitle "EXT 2025"]
[Source "ChessBase"]
[SourceDate "2024.10.14"]
[SourceVersion "1"]
[SourceVersionDate "2024.10.14"]
[SourceQuality "1"]

1. e4 e5 2. Nf3 Nc6 3. Bc4 Nf6 4. d3 Bc5 5. 0-0 d6 6. c3 a6 7. a4 Ba7 8. Nbd2 h6 9. Bb3 Qe7 10. Bc2 g5 11. Nc4 g4 12. Ne1 h5 13. Bg5 Be6 14. Ne3 0-0-0 15. Bh4 d5 16. exd5 Bxd5 17. b4 Nb8 18. Qe2 Be6 19. d4 exd4 20. Nf5 Qd7 21. Bxf6 Bxf5 22. Bxh8 Bxc2 23. Bxd4 Bxd4 24. Nxc2 Bxc3 25. Rad1 Qf5 26. Rxd8+ Kxd8 27. Ne3 Qe4 28. Qa2 Qe6 29. Qa3 Be5 30. Qd3+ Bd6 31. Qh7 Qe5 32. Qg8+ Ke7 33. g3 Nc6 34. Re1 Kd7 35. Ng2 Ne7 36. Qxf7 Qg5 37. Nf4 c6 38. Qe6+ Kc7 39. Rd1 Qe5 40. Qxe5 Bxe5 41. Ne6+ Kb8 42. Rd7 Nd5 43. b5 axb5 44. axb5 Nf6 45. bxc6 bxc6 46. Rd1 Ne4 47. Rc1 Nc3 48. Kf1 Kc8 49. Nf4 Kd7 50. Nxh5 c5 51. Nf4 c4 52. Ke1 Kc6 53. Ne2 Nxe2 54. Kxe2 Kd5 55. f3 gxf3+ 56. Kxf3 Kd4 57. Rd1+ Kc3 58. Ke4 Bh8 59. Rd8 Bg7 60. Rd7 Bf6 61. h4 Kc2 62. Kf5 Bh8 63. h5 c3 64. h6 Kb1 65. Rb7+ Ka2 66. g4 c2 67. Rc7 Kb2 68. Rxc2+ Kxc2 69. g5 Bc3 70. g6 Bd2 71. h7 Bc3 72. Ke6 Kd3 73. Kf7 Ke4 74. g7 Bxg7 75. Kxg7 1-0

[Event "IND-ch U11"]
[Site "Visakhapatnam"]
[Date "2023.10.04"]
[Round "6"]
[White "Aansh, Nandan Nerurkar"]
[Black "Aarav, Saish Amonkar"]
[Result "1/2-1/2"]
[WhiteElo "1865"]
[BlackElo "1569"]
[PlyCount "135"]
[EventDate "2023.10.01"]
[EventType "swiss"]
[EventRounds "11"]
[EventCountry "IND"]
[SourceTitle "EXT 2025"]
[Source "ChessBase"]
[SourceDate "2024.10.14"]
[SourceVersion "1"]
[SourceVersionDate "2024.10.14"]
[SourceQuality "1"]

1. e4 e5 2. Nf3 Nc6 3. Bc4 Nf6 4. Ng5 d5 5. exd5 Na5 6. Bb5+ c6 7. dxc6 bxc6 8. Bd3 Nd5 9. Nf3 Bd6 10. 0-0 Nf4 11. Nc3 Nxd3 12. cxd3 0-0 13. Re1 c5 14. Nxe5 Bb7 15. Nf3 Re8 16. Rxe8+ Qxe8 17. Ne4 Bc7 18. Ng3 Rd8 19. b3 Rxd3 20. Ne1 Rd8 21. Bb2 Be5 22. Bxe5 Qxe5 23. Rc1 Qd5 24. Nf3 Nc6 25. Qf1 Ne5 26. Nxe5 Qxe5 27. h3 h5 28. d3 Ba6 29. Qe2 Qxe2 30. Nxe2 Rxd3 31. Nf4 Rd2 32. Rxc5 Rxa2 33. Nxh5 Rb2 34. Ra5 Bd3 35. Nf4 Rxb3 36. Nxd3 Rxd3 37. Rxa7 g6 38. Kh2 Kg7 39. Ra6 g5 40. f3 f6 41. Kg3 Rd4 42. Re6 Kg6 43. Re4 Rd2 44. h4 gxh4+ 45. Rxh4 Rc2 46. Rg4+ Kf5 47. Rf4+ Kg5 48. Rg4+ Kf5 49. Ra4 Rb2 50. Ra5+ Kg6 51. Kh3 Rf2 52. Rb5 Kh6 53. Rf5 Kg6 54. g4 Rf1 55. Kg3 Ra1 56. Rb5 Rc1 57. Rb7 Ra1 58. f4 Rg1+ 59. Kf3 Rf1+ 60. Ke4 Re1+ 61. Kd5 Rd1+ 62. Ke6 Re1+ 63. Kd6 Rd1+ 64. Ke7 Rd4 65. f5+ Kg5 66. Ke6 Re4+ 67. Kf7 Rxg4 68. Rb6 1/2-1/2

[Event "Hyderabad Slan op 1st"]
[Site "Hyderabad"]
[Date "2023.07.22"]
[Round "4"]
[White "Anuj, Shrivatri"]
[Black "Aarav, Saish Amonkar"]
[Result "1-0"]
[WhiteElo "2427"]
[BlackElo "1600"]
[PlyCount "77"]
[EventDate "2023.07.21"]
[EventType "swiss"]
[EventRounds "9"]
[EventCountry "IND"]
[SourceTitle "CBM 215 Extra"]
[Source "ChessBase"]
[SourceDate "2023.09.30"]
[SourceVersion "1"]
[SourceVersionDate "2023.09.30"]
[SourceQuality "1"]

1. Nf3 Nf6 2. g3 g6 3. b3 Bg7 4. Bb2 0-0 5. Bg2 c5 6. c4 Nc6 7. 0-0 d5 8. cxd5 Nxd5 9. Bxg7 Kxg7 10. d4 Bf5 11. dxc5 Ndb4 12. Nbd2 Na6 13. e4 Be6 14. Qc2 Qa5 15. Rfc1 Rac8 16. a3 b6 17. b4 Qb5 18. Bf1 Naxb4 19. Qc3+ f6 20. Bxb5 Na2 21. Rxa2 Bxa2 22. cxb6 Nd4 23. Qxc8 Rxc8 24. Rxc8 Nxf3+ 25. Nxf3 axb6 26. Rc6 f5 27. Rxb6 fxe4 28. Ne5 e6 29. a4 Kf6 30. Nc6 e3 31. fxe3 Kf5 32. a5 Ke4 33. a6 Kxe3 34. a7 e5 35. a8Q e4 36. Qa3+ Kd2 37. Qb2+ Kd1 38. Ba4+ Ke1 39. Qf2# 1-0